Bordering Countries That Start with the Same Letter - Statistics

General Stats
  • This quiz has been taken 647 times
  • The average score is 27 of 31
Answer Stats
First Letter Continent Country % Correct
B South America Brazil
95%
B South America Bolivia
94%
Z Africa Zimbabwe
94%
Z Africa Zambia
93%
E Africa Ethiopia
92%
A Asia/Europe Armenia
91%
L Europe Latvia
91%
L Europe Lithuania
91%
E Africa Eritrea
90%
M Africa Mali
90%
A Asia/Europe Azerbaijan
89%
C Africa Cameroon
89%
C Africa Chad
89%
I Asia Iran
89%
I Asia Iraq
89%
K Asia Kazakhstan
89%
K Asia Kyrgyzstan
87%
C Africa Central African Republic
86%
G Africa Guinea
86%
M Africa Mauritania
86%
N Africa Niger
86%
B Africa Benin
85%
M Africa Morocco
85%
N Africa Nigeria
85%
S Africa Sudan
85%
B Africa Burkina Faso
84%
S Africa South Sudan
84%
C Africa Congo, Republic of
83%
G Africa Guinea Bissau
83%
M Africa Malawi
82%
M Africa Mozambique
82%
No matching quizzes found
Score Distribution
Percent of People with Each Score
Percentile by Number Answered
Your Score History
You have not taken this quiz